Electricidad y magnetismo (Registro nro. 13330)
[ vista simple ]
| 000 -LIDER | |
|---|---|
| fixed length control field | 00440nam a22001697a 4500 |
| 003 - IDENTIFICACDOR DE NÚMERO DE CONTROL | |
| control field | DO-SdBNP |
| 005 - DATE AND TIME OF LATEST TRANSACTION | |
| control field | 20180222093952.0 |
| 008 - ELEMENTOS DE LONGITUD FIJA | |
| fixed length control field | 180222b sp||||| |||| 00| 0 spa d |
| 020 ## - ISBN | |
| International Standard Book Number | 8434225077 |
| 040 ## - FUENTE DE CATALOGACIÓN | |
| Agencia que crea de manera original el registro | BPMSU |
| Idioma de catalogación | spa |
| Agencia que realiza la transcripción | BPMSU |
| 100 ## - ASIENTO PRINCIPAL -- NOMBRE PERSONAL | |
| Nombre personal | Rodríguez Alicia |
| 245 ## - MENCIÓN DE TITULO | |
| Título | Electricidad y magnetismo |
| Mención de responsabilidad | Alicia Rodríguez |
| 300 ## - DESCRIPCIÓN FÍSICA | |
| Extensión | 48 p. |
| Otros detalles físicos | il. |
| Dimensiones | 29 cm |
| 942 ## - ADDED ENTRY ELEMENTS (KOHA) | |
| Source of classification or shelving scheme | Dewey Decimal Classification |
| Koha item type | Libros |
| 945 ## - INFORMACIÓN DE PROCESAMIENTO LOCAL | |
| Información de procesamiento local | inventariado, 2018 / dg |
| 956 ## - LOCAL ELECTRONIC LOCATION AND ACCESS (OCLC) | |
| Nombre de host | dgarcia |
| Número de acceso | 10 |
| Withdrawn status | Lost status | Source of classification or shelving scheme | Damaged status | Not for loan | Collection code | Home library | Current library | Date acquired | Source of acquisition | Total Checkouts | Barcode | Date last seen | Price effective from | Koha item type |
|---|---|---|---|---|---|---|---|---|---|---|---|---|---|---|
| Dewey Decimal Classification | Colección Infantil General | Biblioteca Pública Metropolitana Salomé Ureña | Biblioteca Pública Metropolitana Salomé Ureña | 02/22/2018 | Donado | BPMSU18020237 | 02/22/2018 | 02/22/2018 | Libros |